000 00571nam a22001937a 4500
005 20251108170941.0
008 250721s1994 xx 000 0 ara d
082 1 4 _aط/ق/بدا
100 1 _aبداهار، دوغ
245 1 0 _aرجل الثلوج /
264 1 _aالقاهره :
_bنهضة مصر للنشر،
_c1994.
300 _a24ص
490 0 _aسلسلة مغامرات مصورة للشباب ؛ 14
650 1 7 _aأدب الأطفال
650 1 7 _aالقصص العربية
700 1 _aفيلدز، جاري
942 _2ddc
_cBK
999 _c52869
_d52869